V. E. Schwab Bibliography - Statistics

General Stats
  • This quiz has been taken 9 times
  • The average score is 8 of 27
Answer Stats
Type Year Name % Correct
Novel 2020 The Invisible Life of Addie LaRue
100%
Novel 2022 Gallant
88%
Novel 2018 Vengeful
88%
Novel 2013 Vicious
88%
Novel 2015 A Darker Shade of Magic
75%
Novel 2017 A Conjuring of Light
63%
Novel 2016 This Savage Song
63%
Novel 2016 A Gathering of Shadows
50%
Novel 2011 The Near Witch
50%
Novel 2017 Our Dark Duet
38%
Novel 2023 The Fragile Threads of Power
38%
Children's Novel 2021 Bridge of Souls
25%
Novel 2013 The Archived
25%
Novel 2019 Tunnel of Bones
25%
Children's Novel 2018 City of Ghosts
13%
Novel 2014 The Unbound
13%
Novelette 2020 A Royal Affair
0%
Children's Novel 2015 Broken Ground
0%
Short Story 2018 Common Ground
0%
Short Story 2017 Death Knell
0%
Short Story 2020 First Kill
0%
Children's Novel 2014 Last Wishes
0%
Children's Novel 2014 New Beginnings
0%
Children's Novel 2014 Second Chances
0%
Novella 2019 The Ash-Born Boy
0%
Short Story 2019 The Consequence of Triumph
0%
Short Story 2013 Warm Up
0%
No matching quizzes found
Score Distribution
Percent of People with Each Score
Percentile by Number Answered
Your Score History
You have not taken this quiz